000
00227 a2200097 4500
001
14181
100
_a
Gowers S.E
245
_a
The complete plain words
260
_a
London
_b
Her majesty's factionary
_c
090
_c
11125
_d
11125
942
_a
NUST-CAE
_c
M
_c
1254
999
_c
249254
_d
249254